Sustainability perspectives for resourses and busines / (Record no. 147430)
[ view plain ]
| 000 -LEADER | |
|---|---|
| fixed length control field | 00597cam a2200193 4500 |
| 008 - FIXED-LENGTH DATA ELEMENTS--GENERAL INFORMATION | |
| fixed length control field | 1999 a eng |
| 020 ## - INTERNATIONAL STANDARD BOOK NUMBER | |
| International Standard Book Number | 1574440586 |
| 050 #4 - LIBRARY OF CONGRESS CALL NUMBER | |
| Classification number | HC79.E5 |
| Item number | S86 1999 |
| 245 #0 - TITLE STATEMENT | |
| Title | Sustainability perspectives for resourses and busines / |
| Statement of responsibility, etc | Orie L. Loucks...[et al.]. |
| 260 ## - PUBLICATION, DISTRIBUTION, ETC. (IMPRINT) | |
| Place of publication, distribution, etc | Boca Raton, Florida : |
| Name of publisher, distributor, etc | Lewis publishers, |
| Date of publication, distribution, etc | 1999 |
| 300 ## - PHYSICAL DESCRIPTION | |
| Extent | 373 p. ; |
| Dimensions | 26 cm. |
| 500 ## - GENERAL NOTE | |
| General note | 1 ejem. |
| 500 ## - GENERAL NOTE | |
| General note | Rec. Propios. D.G.B. |
| 504 ## - BIBLIOGRAPHY, ETC. NOTE | |
| Bibliography, etc | Incluye bibliografía e índice |
| 650 #4 - SUBJECT ADDED ENTRY--TOPICAL TERM | |
| Topical term or geographic name as entry element | Recursos naturales |
| 700 1# - ADDED ENTRY--PERSONAL NAME | |
| Personal name | Louks, Orie L., |
| Relator term | coaut. |
| 942 ## - ADDED ENTRY ELEMENTS (KOHA) | |
| Source of classification or shelving scheme | Biblioteca del Cogreso de los Estados Unidos |
| Koha item type | Libro |
| Estado de pérdida | Fuente de clasificación | Estado del daño | No para préstamo | Ubicación permanente | Ubicación actual | Apartado o colección | Fecha de adquisición | Edición | Área del conocimiento | Clasificación | Código de Barras | Date last seen | Número de copia | Costo por reposición | Tipo de recurso |
|---|---|---|---|---|---|---|---|---|---|---|---|---|---|---|---|
| Biblioteca del Cogreso de los Estados Unidos | Biblioteca del Instituto de Investigaciones Agropecuarias y Forestales | Biblioteca del Instituto de Investigaciones Agropecuarias y Forestales | General | 04/03/2019 | 1a ed. | Ciencias Sociales y Administrativas | HC79.E5 S86 1999 | BIIA000001140 | 04/03/2019 | 1 | 1.00 | Libro |